Khảo sát quá trình khử Nitrite trong hệ thống xử lý nước thải chế biến thủy sản bằng vật liệu tự chế : Báo cáo tổng kết đề tài nghiên cứu Khoa học của sinh viên

Áp dụng vật liệu nghiên cứu làm giá thể cho nhóm vi sinh vật khử nitrite, thí nghiệm khả năng khử nitrite trong nước thải của nhóm vi sinh vật sống trên giá thể được chọn.

Đã lưu trong:
書目詳細資料
主要作者: Hồng, Văn Nghiêm
格式: 圖書
語言:Undetermined
出版: Cần Thơ Trường Đại học Cần Thơ 2016
主題:
標簽: 添加標簽
沒有標簽, 成為第一個標記此記錄!
Thư viện lưu trữ: Trung tâm Học liệu Trường Đại học Cần Thơ
LEADER 01213nam a2200205Ia 4500
001 CTU_223238
008 210402s9999 xx 000 0 und d
082 |a 628.4 
082 |b Ngh304 
088 |a TSV2016-37 
100 |a Hồng, Văn Nghiêm 
245 0 |a Khảo sát quá trình khử Nitrite trong hệ thống xử lý nước thải chế biến thủy sản bằng vật liệu tự chế : 
245 0 |b Báo cáo tổng kết đề tài nghiên cứu Khoa học của sinh viên 
245 0 |c Hồng Văn Nghiêm (Chủ nhiệm đề tài) ; Lê Anh Kha (Người hướng dẫn) ; Trần Vũ Lâm, Lương Ngọc Thắng (Thành viên tham gia) 
260 |a Cần Thơ 
260 |b Trường Đại học Cần Thơ 
260 |c 2016 
520 |a Áp dụng vật liệu nghiên cứu làm giá thể cho nhóm vi sinh vật khử nitrite, thí nghiệm khả năng khử nitrite trong nước thải của nhóm vi sinh vật sống trên giá thể được chọn. 
650 |a Nước thải,Wastewaters 
980 |a Trung tâm Học liệu Trường Đại học Cần Thơ